|
|
|
|
| LEADER |
01269nam a2200193 a 4500 |
| 008 |
090517s1992 bg a 100 0 eng d |
| 082 |
0 |
0 |
|a 630.925492
|2 20
|
| 111 |
2 |
|
|a The Workshop held at the Bangladesh Rice Research Institute.
|
| 245 |
1 |
0 |
|a Reducing Small Farmer Vulnerability in Bangladesh :
|b proceedings of the workshop held at the Bangladesh Rice Research Institute ,Joydebpur,Gazipur District, Bangladesh ,30-31May 1992.
|
| 260 |
|
|
|a Gazipur,BAN. :
|b Bangladesh Rice Research Institute
|c 1992
|
| 300 |
|
|
|a 144 p. : ill. ; 23 cm.
|
| 541 |
1 |
|
|e 00006496
|
| 650 |
0 |
|
|a Farmers
|x Bangladesh
|
| 710 |
2 |
|
|a Bangladesh Rice Research Institute.
|c Bangladesh
|
| 852 |
4 |
|
|a Ayesha Abed Library
|j Generalshelf
|
| 999 |
|
|
|c 748
|d 748
|
| 952 |
|
|
|0 0
|1 0
|2 ddc
|4 0
|6 630_925492000000000_RED_1992
|7 0
|9 690
|a BRACUL
|b BRACUL
|c GEN
|d 2009-05-17
|g 0.00
|l 0
|o 630.925492 RED
|p 3010006496
|r 2009-05-17
|t 1
|w 2009-05-17
|y BK
|x No price found in the accession register.
|
| 952 |
|
|
|0 0
|1 0
|2 ddc
|4 0
|6 630_925492000000000_RED_1992
|7 0
|9 9071
|a BRACUL
|b BRACUL
|c GEN
|d 2010-04-07
|g 0.00
|l 0
|o 630.925492 RED
|p 3010004741
|r 2010-04-07
|t 2
|w 2010-04-07
|y BK
|z Not price in Register
|
| 952 |
|
|
|0 0
|1 0
|2 ddc
|4 0
|6 630_925492000000000_RED_1992
|7 0
|9 11345
|a BRACUL
|b BRACUL
|c GEN
|d 2010-06-29
|l 0
|o 630.925492 RED
|p 3010011620
|r 2010-06-29
|t 3
|w 2010-06-29
|y BK
|